书目信息 |
| 题名: |
儒道佛思想散论
|
|
| 作者: | 严北溟 著 ;王雷泉 编 | |
| 分册: | ||
| 出版信息: | 上海 复旦大学出版社 2016.08 |
|
| 页数: | 241页 | |
| 开本: | 25cm | |
| 丛书名: | 复旦百年经典文库 | |
| 单 册: | ||
| 中图分类: | B222.05 , B223.05 , B948 | |
| 科图分类: | ||
| 主题词: | 儒家--哲学思想--研究--中国 , 道家--哲学思想--研究--中国 , 佛教--哲学思想--研究--中国 | |
| 电子资源: | ||
| ISBN: | 978-7-309-11373-0 | |
| 000 | 01198oam2 2200349 450 | |
| 001 | 0100004411 | |
| 005 | 20161017133257.8 | |
| 010 | @a978-7-309-11373-0@b精装@dCNY50.00 | |
| 100 | @a20161017d2016 em y0chiy50 ea | |
| 101 | 0 | @achi |
| 102 | @aCN@b310000 | |
| 105 | @af z 000yy | |
| 106 | @ar | |
| 200 | 1 | @a儒道佛思想散论@Aru dao fo si xiang san lun@f严北溟著@g王雷泉编 |
| 210 | @a上海@c复旦大学出版社@d2016.08 | |
| 215 | @a241页@c图,照片@d25cm | |
| 225 | 2 | @a复旦百年经典文库 |
| 300 | @a本书由复旦大学出版基金资助出版 | |
| 308 | @a丛书第二辑 | |
| 330 | @a本书收集了作者严北溟多年来研究儒、道、佛三家哲学思想的二十多篇论文。主要内容包括:儒道佛思想散论、附录:承先启后,拨乱反正——严北溟先生的中国哲学研究、严北溟生小传、严北溟先生学术年表。 | |
| 333 | @a儒学研究人员 | |
| 410 | 0 | @12001 @a复旦百年经典文库 |
| 606 | 0 | @a儒家@x哲学思想@x研究@y中国 |
| 606 | 0 | @a道家@x哲学思想@x研究@y中国 |
| 606 | 0 | @a佛教@x哲学思想@x研究@y中国 |
| 690 | @aB222.05@v5 | |
| 690 | @aB223.05@v5 | |
| 690 | @aB948@v5 | |
| 701 | 0 | @a严北溟@Ayan bei ming@f(1907-1990)@4著 |
| 702 | 0 | @a王雷泉@Awang lei quan@4编 |
| 801 | 0 | @aCN@c201701015 |
| 905 | @a河南城建学院图书馆@dB948@eY047 | |
| 儒道佛思想散论/严北溟著/王雷泉编.-上海:复旦大学出版社,2016.08 |
| 241页:图,照片;25cm.-(复旦百年经典文库) |
| 本书由复旦大学出版基金资助出版.-使用对象:儒学研究人员 |
| ISBN 978-7-309-11373-0(精装):CNY50.00 |
| 本书收集了作者严北溟多年来研究儒、道、佛三家哲学思想的二十多篇论文。主要内容包括:儒道佛思想散论、附录:承先启后,拨乱反正——严北溟先生的中国哲学研究、严北溟生小传、严北溟先生学术年表。 |
| ● |
| 相关链接 |
|
|
|
正题名:儒道佛思想散论
索取号:B948/Y047
 
预约/预借
| 序号 | 登录号 | 条形码 | 馆藏地/架位号 | 状态 | 备注 |
| 1 | 1363654 | 213636546 | 自科二线400A/400A自科库 11排1列5层/ [索取号:B948/Y047] | 在馆 | |
| 2 | 1363655 | 213636555 | 自科二线400A/400A自科库 47排1列1层/ [索取号:B948/Y047] | 在馆 |